000 00362nam a2200145Ia 4500
008 230917s9999||||xx |||||||||||||| ||und||
040 _e19486
_aMAIN
041 _aEnglish
082 _a301.4 C36S
100 _aChance, Michael R A. ed.
245 0 _aSocial structure of attention
260 _aLondon
_bJohn Wiley
_c1976
300 _ax, 339 p.
942 _cBK
999 _c204427
_d204427